Ethnological notebooks of Karl Marx (Record no. 479271)

MARC details
000 -LEADER
fixed length control field 00833nam a2200277Ia 4500
003 - CONTROL NUMBER IDENTIFIER
control field OSt
005 - DATE AND TIME OF LATEST TRANSACTION
control field 20220925170122.0
008 - FIXED-LENGTH DATA ELEMENTS--GENERAL INFORMATION
fixed length control field 220923b |||||||| |||| 00| 0 eng d
020 ## - INTERNATIONAL STANDARD BOOK NUMBER
International Standard Book Number 90 232 0924 9
037 ## - SOURCE OF ACQUISITION
Terms of availability General Book
040 ## - CATALOGING SOURCE
Original cataloging agency RTL
Transcribing agency RTL
Language of cataloging eng
041 ## - LANGUAGE CODE
Source of code eng
Language code of text/sound track or separate title eng
100 ## - MAIN ENTRY--PERSONAL NAME
Personal name Krader Lawrence Ed.
245 #0 - TITLE STATEMENT
Title Ethnological notebooks of Karl Marx
250 ## - EDITION STATEMENT
Edition statement 2
260 ## - PUBLICATION, DISTRIBUTION, ETC.
Place of publication, distribution, etc. Assen
Name of publisher, distributor, etc. Gorcum and Company
Date of publication, distribution, etc. 1974
300 ## - PHYSICAL DESCRIPTION
Extent 454p
Dimensions cm.
490 ## - SERIES STATEMENT
Series statement International Institute Voor Sociale Geshicdenis (Amesterdam)
500 ## - GENERAL NOTE
General note Bibliography: P 431-442
650 ## - SUBJECT ADDED ENTRY--TOPICAL TERM
Topical term or geographic name entry element Economics Classics Karl Marx
9 (RLIN) 233184
942 ## - ADDED ENTRY ELEMENTS (KOHA)
Classification part X:3M24xM18:g(Y7), L4
Koha item type General Books
Source of classification or shelving scheme Colon Classification (CC)
Holdings
Withdrawn status Lost status Damaged status Not for loan Home library Current library Date acquired Total Checkouts Full call number Barcode Date last seen Price effective from Koha item type
        Ratan Tata Library Ratan Tata Library 2022-09-25   X:3M24xM18:g(Y7) L4 RT0576022 2022-09-25 2022-09-25 General Books
Copyright @ Delhi University Library System